[Event "DVM U12 2023"]
[Site "Magdeburg GER"]
[Date "2023.12.29"]
[Round "5"]
[White "Kovalyov, Dima"]
[Black "Rodriguez Klasen, Ennio"]
[Result "1/2-1/2"]
[Termination "normal"]
[Board "2.1"]
[WhiteElo "1665"]
[BlackElo "1622"]
[WhiteClock "00:44:37"]
[BlackClock "00:00:45"]
[WhiteTeam "SG Solingen"]
[BlackTeam "SV Empor Berlin"]
[PlyCount "76"]
[WhiteFideId "34631631"]
[BlackFideId "16277414"]
[EventCountry "GER"]
[EventRounds "7"]
[EventType "team-swiss"]
[EventDate "2023.12.26"]

1. e4 {[%clk 01:30:58]} c5 {[%clk 01:30:50]} {[%emt 00:00:11]} 2. c3 {[%clk
01:31:22]} {[%emt 00:00:05]} Nf6 {[%clk 01:31:07]} {[%emt 00:00:14]} 3. e5
{[%clk 01:31:47]} {[%emt 00:00:05]} Nd5 {[%clk 01:31:31]} {[%emt 00:00:06]} 4.
d4 {[%clk 01:32:12]} {[%emt 00:00:05]} cxd4 {[%clk 01:31:03]} {[%emt 00:00:58]}
5. cxd4 {[%clk 01:32:37]} {[%emt 00:00:04]} d6 {[%clk 01:30:53]} {[%emt
00:00:40]} 6. exd6 {[%clk 01:33:02]} {[%emt 00:00:05]} Qxd6 {[%clk 01:29:53]}
{[%emt 00:01:29]} 7. Nc3 {[%clk 01:33:03]} {[%emt 00:00:29]} Nc6 {[%clk
01:28:53]} {[%emt 00:01:30]} 8. Nf3 {[%clk 01:32:59]} {[%emt 00:00:34]} Bg4
{[%clk 01:24:39]} {[%emt 00:04:44]} 9. Be2 {[%clk 01:32:52]} {[%emt 00:00:37]}
e6 {[%clk 01:15:08]} {[%emt 00:10:01]} 10. O-O {[%clk 01:31:41]} {[%emt
00:01:41]} Be7 {[%clk 01:12:03]} {[%emt 00:03:34]} 11. Be3 {[%clk 01:27:47]}
{[%emt 00:04:25]} h6 {[%clk 01:10:19]} {[%emt 00:02:15]} 12. Rc1 {[%clk
01:25:19]} {[%emt 00:02:57]} O-O {[%clk 01:09:11]} {[%emt 00:01:38]} 13. a3
{[%clk 01:24:58]} {[%emt 00:00:51]} a6 {[%clk 00:54:25]} {[%emt 00:15:16]} 14.
h3 {[%clk 01:24:11]} {[%emt 00:01:16]} Bf5 {[%clk 00:47:05]} {[%emt 00:07:50]}
15. Bd3 {[%clk 01:17:53]} {[%emt 00:06:48]} Bxd3 {[%clk 00:39:00]} {[%emt
00:08:36]} 16. Qxd3 {[%clk 01:17:21]} {[%emt 00:01:02]} f5 {[%clk 00:32:46]}
{[%emt 00:06:44]} 17. Nxd5 {[%clk 01:15:29]} {[%emt 00:02:22]} exd5 {[%clk
00:30:42]} {[%emt 00:02:34]} 18. Rfe1 {[%clk 01:12:10]} {[%emt 00:03:49]} Rae8
{[%clk 00:18:32]} {[%emt 00:12:40]} 19. Bd2 {[%clk 01:09:58]} {[%emt 00:02:43]}
Bf6 {[%clk 00:15:26]} {[%emt 00:03:36]} 20. Bc3 {[%clk 01:08:26]} {[%emt
00:02:01]} f4 {[%clk 00:14:39]} {[%emt 00:01:17]} 21. Qd2 {[%clk 01:05:35]}
{[%emt 00:03:22]} Re4 {[%clk 00:06:29]} {[%emt 00:08:39]} 22. Re2 {[%clk
01:02:06]} {[%emt 00:03:59]} Rfe8 {[%clk 00:05:26]} {[%emt 00:01:34]} 23. Rce1
{[%clk 01:00:43]} {[%emt 00:01:52]} g5 {[%clk 00:04:45]} {[%emt 00:01:10]} 24.
Qd3 {[%clk 00:57:49]} {[%emt 00:03:24]} Rxe2 {[%clk 00:01:38]} {[%emt
00:03:38]} 25. Rxe2 {[%clk 00:51:51]} {[%emt 00:06:28]} Rxe2 {[%clk 00:01:09]}
{[%emt 00:00:59]} 26. Qxe2 {[%clk 00:52:03]} {[%emt 00:00:19]} Qe7 {[%clk
00:00:37]} {[%emt 00:01:02]} 27. Qd3 {[%clk 00:51:38]} {[%emt 00:00:54]} Bg7
{[%clk 00:00:34]} {[%emt 00:00:33]} 28. Qf5 {[%clk 00:51:26]} {[%emt 00:00:40]}
Qf7 {[%clk 00:00:40]} {[%emt 00:00:26]} 29. Qd3 {[%clk 00:49:41]} {[%emt
00:02:13]} Qe6 {[%clk 00:00:38]} {[%emt 00:00:33]} 30. Ne5 {[%clk 00:45:58]}
{[%emt 00:04:14]} Nxe5 {[%clk 00:00:40]} {[%emt 00:00:28]} 31. dxe5 {[%clk
00:46:18]} {[%emt 00:00:10]} b5 {[%clk 00:00:43]} {[%emt 00:00:27]} 32. Qd4
{[%clk 00:45:35]} {[%emt 00:01:08]} Kf7 {[%clk 00:00:39]} {[%emt 00:00:38]} 33.
Kf1 {[%clk 00:44:42]} {[%emt 00:01:24]} Kg6 {[%clk 00:00:37]} {[%emt 00:00:32]}
34. Kg1 {[%clk 00:44:44]} {[%emt 00:00:28]} Kf7 {[%clk 00:00:38]} {[%emt
00:00:29]} 35. Qa7+ {[%clk 00:45:00]} {[%emt 00:00:13]} Kg6 {[%clk 00:00:47]}
{[%emt 00:00:22]} 36. Qd4 {[%clk 00:45:23]} {[%emt 00:00:07]} Kh7 {[%clk
00:00:36]} {[%emt 00:00:41]} 37. h4 {[%clk 00:44:24]} {[%emt 00:01:29]} Kg6
{[%clk 00:00:38]} {[%emt 00:00:28]} 38. hxg5 {[%clk 00:44:37]} {[%emt
00:00:17]} hxg5 {[%clk 00:00:45]} {[%emt 00:00:22]} 1/2-1/2

[Event "DVM U12 2023"]
[Site "Magdeburg GER"]
[Date "2023.12.29"]
[Round "5"]
[White "Müller, Anker"]
[Black "Meijers, Janis"]
[Result "0-1"]
[Termination "normal"]
[Board "2.2"]
[WhiteElo "1548"]
[BlackElo "1418"]
[WhiteClock "00:07:54"]
[BlackClock "00:46:27"]
[WhiteTeam "SV Empor Berlin"]
[BlackTeam "SG Solingen"]
[PlyCount "66"]
[WhiteFideId "1472070"]
[BlackFideId "34143289"]
[EventCountry "GER"]
[EventRounds "7"]
[EventType "team-swiss"]
[EventDate "2023.12.26"]

1. e4 {[%clk 01:30:54]} {[%emt 00:00:04]} c6 {[%clk 01:30:52]} {[%emt
00:00:09]} 2. d4 {[%clk 01:31:11]} {[%emt 00:00:14]} d5 {[%clk 01:31:15]}
{[%emt 00:00:06]} 3. Nd2 {[%clk 01:31:23]} {[%emt 00:00:15]} dxe4 {[%clk
01:31:38]} {[%emt 00:00:11]} 4. Nxe4 {[%clk 01:31:47]} {[%emt 00:00:05]} Nf6
{[%clk 01:32:03]} {[%emt 00:00:06]} 5. Nxf6+ {[%clk 01:32:00]} {[%emt
00:00:17]} exf6 {[%clk 01:32:27]} {[%emt 00:00:05]} 6. Nf3 {[%clk 01:32:12]}
{[%emt 00:00:18]} Bd6 {[%clk 01:32:03]} {[%emt 00:00:54]} 7. c3 {[%clk
01:30:53]} {[%emt 00:01:49]} Bg4 {[%clk 01:31:13]} {[%emt 00:01:21]} 8. Be2
{[%clk 01:30:29]} {[%emt 00:00:54]} O-O {[%clk 01:31:00]} {[%emt 00:00:42]} 9.
O-O {[%clk 01:30:44]} {[%emt 00:00:14]} Re8 {[%clk 01:29:36]} {[%emt 00:01:54]}
10. h3 {[%clk 01:30:49]} {[%emt 00:00:26]} Bh5 {[%clk 01:29:56]} {[%emt
00:00:10]} 11. g4 {[%clk 01:18:40]} {[%emt 00:12:40]} Bg6 {[%clk 01:29:51]}
{[%emt 00:00:36]} 12. Bd3 {[%clk 01:09:31]} {[%emt 00:09:38]} Qd7 {[%clk
01:27:59]} {[%emt 00:02:21]} 13. Nh4 {[%clk 01:05:02]} {[%emt 00:05:00]} Na6
{[%clk 01:23:09]} {[%emt 00:05:20]} 14. Nxg6 {[%clk 01:00:44]} {[%emt
00:04:48]} hxg6 {[%clk 01:23:12]} {[%emt 00:00:27]} 15. Bxa6 {[%clk 00:58:51]}
{[%emt 00:02:23]} bxa6 {[%clk 01:23:24]} {[%emt 00:00:17]} 16. Qf3 {[%clk
00:58:25]} {[%emt 00:00:54]} f5 {[%clk 01:22:11]} {[%emt 00:01:45]} 17. Bf4
{[%clk 00:57:40]} {[%emt 00:01:14]} Bxf4 {[%clk 01:20:41]} {[%emt 00:02:01]}
18. Qxf4 {[%clk 00:56:11]} {[%emt 00:01:59]} Re4 {[%clk 01:21:05]} {[%emt
00:00:05]} 19. Qf3 {[%clk 00:55:58]} {[%emt 00:00:43]} Rae8 {[%clk 01:21:08]}
{[%emt 00:00:27]} 20. g5 {[%clk 00:52:08]} {[%emt 00:04:19]} R8e6 {[%clk
00:58:54]} {[%emt 00:22:46]} 21. Qg3 {[%clk 00:45:44]} {[%emt 00:06:51]} Qe7
{[%clk 00:57:56]} {[%emt 00:01:29]} 22. b3 {[%clk 00:38:51]} {[%emt 00:07:22]}
c5 {[%clk 00:51:18]} {[%emt 00:07:10]} 23. d5 {[%clk 00:38:08]} {[%emt
00:01:13]} f4 {[%clk 00:51:37]} {[%emt 00:00:11]} 24. Qg4 {[%clk 00:26:24]}
{[%emt 00:12:11]} R6e5 {[%clk 00:48:04]} {[%emt 00:04:06]} 25. f3 {[%clk
00:22:00]} {[%emt 00:04:54]} Rxg5 {[%clk 00:47:50]} {[%emt 00:00:44]} 26. fxe4
{[%clk 00:22:18]} {[%emt 00:00:10]} Rxg4+ {[%clk 00:48:09]} {[%emt 00:00:13]}
27. hxg4 {[%clk 00:22:30]} {[%emt 00:00:18]} Qxe4 {[%clk 00:47:08]} {[%emt
00:01:31]} 28. d6 {[%clk 00:18:59]} {[%emt 00:04:01]} f3 {[%clk 00:46:18]}
{[%emt 00:01:20]} 29. Rfe1 {[%clk 00:10:21]} {[%emt 00:09:07]} Qc2 {[%clk
00:45:56]} {[%emt 00:00:54]} 30. Re8+ {[%clk 00:08:40]} {[%emt 00:02:11]} Kh7
{[%clk 00:46:03]} {[%emt 00:00:22]} 31. Kf1 {[%clk 00:08:23]} {[%emt 00:00:46]}
Qg2+ {[%clk 00:45:50]} {[%emt 00:00:44]} 32. Ke1 {[%clk 00:08:44]} {[%emt
00:00:08]} f2+ {[%clk 00:46:12]} {[%emt 00:00:09]} 33. Kd2 {[%clk 00:07:54]}
{[%emt 00:01:20]} f1=Q+ {[%clk 00:46:27]} {[%emt 00:00:15]} 0-1

[Event "DVM U12 2023"]
[Site "Magdeburg GER"]
[Date "2023.12.29"]
[Round "5"]
[White "Shivkumar, Shreyas"]
[Black "Gundermann, Mika Oleg"]
[Result "1-0"]
[Termination "normal"]
[Board "2.3"]
[WhiteElo "1405"]
[BlackElo "1636"]
[WhiteTeam "SG Solingen"]
[BlackTeam "SV Empor Berlin"]
[PlyCount "47"]
[WhiteFideId "34638407"]
[BlackFideId "34606513"]
[EventCountry "GER"]
[EventRounds "7"]
[EventType "team-swiss"]
[EventDate "2023.12.26"]

1. e4 d5 2. exd5 Nf6 3. Nc3 Nxd5 4. Bc4 Nb6 5. Bb3 Nc6 6. Qf3 e6 7. Nge2 Be7 8.
d3 Na5 9. O-O Nxb3 10. axb3 c6 11. Qg3 O-O 12. Bh6 Bf6 13. Ne4 Kh8 14. Nxf6
Qxf6 15. Be3 Qd8 16. Ra5 Bd7 17. Rh5 Nd5 18. Qh3 Nf6 19. Bg5 e5 20. Qh4 Bf5 21.
Bxf6 Qxf6 22. Qxf6 gxf6 23. Rxf5 Kg7 24. Ng3 Rfe8 25. Nh5+ Kg6 26. g4 Re6 27.
f4 Rf8 28. fxe5 fxe5 29. h4 h6 30. Rf6+ Rxf6 31. Rxf6+ Kh7 32. Rf5 Kg6 33. Rxe5
Rb8 34. Re7 a6 35. Kf2 b6 36. Rc7 c5 37. Rc6+ Kh7 38. Rf6 Rb7 39. Kf3 a5 40.
Kf2 b5 41. Rc6 c4 42. dxc4 bxc4 43. Rxc4 1-0

[Event "DVM U12 2023"]
[Site "Magdeburg GER"]
[Date "2023.12.29"]
[Round "5"]
[White "Stein, Daniel"]
[Black "Meijers, Jaroslav"]
[Result "0-1"]
[Termination "normal"]
[Board "2.4"]
[WhiteElo "1321"]
[BlackElo "1104"]
[WhiteTeam "SV Empor Berlin"]
[BlackTeam "SG Solingen"]
[PlyCount "55"]
[WhiteFideId "34602917"]
[BlackFideId "34143297"]
[EventCountry "GER"]
[EventRounds "7"]
[EventType "team-swiss"]
[EventDate "2023.12.26"]

1. e4 c5 2. Nc3 e6 3. Nge2 Nc6 4. g3 d5 5. d4 dxe4 6. Nxe4 Nxd4 7. Nxd4 cxd4 8.
Bg2 Bb4+ 9. c3 Ba5 10. Qa4+ Bd7 11. Nd6+ Kf8 12. Qa3 Qe7 13. Qxa5 Qxd6 14. Bxb7
Re8 15. O-O dxc3 16. Qxc3 Ne7 17. Bh6 Nf5 18. Rfd1 Qe7 19. Bf4 Ba4 20. b3 Qxb7
21. bxa4 h6 22. Qc5+ Kg8 23. Rab1 Qe4 24. Qxa7 Ra8 25. Rb8+ Kh7 26. Rxa8 Rxa8
27. Qxf7 Qxa4 28. Rd7 Qxa2 29. g4 Qb1+ 30. Kg2 Qe4+ 31. Kh3 Qxf4 32. Kg2 Qxg4+
33. Kf1 Ra1+ 0-1

[Event "DVM U12 2023"]
[Site "Magdeburg GER"]
[Date "2023.12.29"]
[Round "5"]
[White "Ramming, Moritz"]
[Black "Vu, Hoang Bach"]
[Result "0-1"]
[Termination "normal"]
[Board "3.1"]
[WhiteElo "1629"]
[BlackElo "1230"]
[WhiteClock "00:26:31"]
[BlackClock "00:51:17"]
[WhiteTeam "SK Kelheim 1920"]
[BlackTeam "SC Borussia Lichtenberg"]
[PlyCount "77"]
[WhiteFideId "34618198"]
[BlackFideId "12436992"]
[EventCountry "GER"]
[EventRounds "7"]
[EventType "team-swiss"]
[EventDate "2023.12.26"]

1. e4 {[%clk 01:23:05]} {[%emt 00:07:55]} d5 {[%clk 01:30:19]} {[%emt
00:00:41]} 2. exd5 {[%clk 01:21:49]} {[%emt 00:01:46]} Qxd5 {[%clk 01:30:43]}
{[%emt 00:00:06]} 3. Nc3 {[%clk 01:22:07]} {[%emt 00:00:12]} Qd6 {[%clk
01:31:11]} {[%emt 00:00:02]} 4. d4 {[%clk 01:20:53]} {[%emt 00:01:45]} Nf6
{[%clk 01:31:35]} {[%emt 00:00:05]} 5. Nf3 {[%clk 01:00:06]} {[%emt 00:06:44]}
Nc6 {[%clk 01:30:35]} {[%emt 00:01:30]} 6. Bb5 {[%clk 00:58:07]} {[%emt
00:02:29]} a6 {[%clk 01:29:47]} {[%emt 00:01:18]} 7. Be2 {[%clk 00:56:46]}
{[%emt 00:01:51]} Bf5 {[%clk 01:25:16]} {[%emt 00:05:00]} 8. a3 {[%clk
00:53:10]} {[%emt 00:04:08]} Rd8 {[%clk 01:24:44]} {[%emt 00:01:01]} 9. Be3
{[%clk 00:52:32]} {[%emt 00:01:07]} e5 {[%clk 01:24:53]} {[%emt 00:00:21]} 10.
dxe5 {[%clk 00:51:12]} {[%emt 00:01:49]} Nxe5 {[%clk 01:21:53]} {[%emt
00:03:32]} 11. Qxd6 {[%clk 00:51:25]} {[%emt 00:00:16]} Bxd6 {[%clk 01:22:17]}
{[%emt 00:00:07]} 12. O-O-O {[%clk 00:51:31]} {[%emt 00:00:23]} O-O {[%clk
01:22:00]} {[%emt 00:00:46]} 13. h3 {[%clk 00:49:45]} {[%emt 00:02:17]} Ng6
{[%clk 01:13:43]} {[%emt 00:08:47]} 14. g4 {[%emt 00:02:19]} Bc8 {[%clk
01:12:27]} {[%emt 00:00:38]} 15. g5 {[%clk 00:48:59]} {[%emt 00:00:35]} Nh5
{[%clk 01:12:39]} {[%emt 00:00:19]} 16. Rhe1 {[%clk 00:47:59]} {[%emt
00:01:30]} Bxh3 {[%clk 01:10:33]} {[%emt 00:02:35]} 17. Ng1 {[%clk 00:44:59]}
{[%emt 00:03:29]} Nhf4 {[%clk 01:10:23]} {[%emt 00:00:41]} 18. Nxh3 {[%clk
00:44:58]} {[%emt 00:00:31]} Nxh3 {[%clk 01:10:49]} {[%emt 00:00:05]} 19. Bf3
{[%clk 00:41:40]} {[%emt 00:03:46]} b6 {[%clk 01:07:33]} {[%emt 00:03:47]} 20.
Bg2 {[%clk 00:40:53]} {[%emt 00:01:16]} Nhf4 {[%clk 01:07:49]} {[%emt
00:00:15]} 21. Bf1 {[%clk 00:40:59]} {[%emt 00:00:25]} b5 {[%clk 01:06:57]}
{[%emt 00:01:22]} 22. a4 {[%clk 00:40:44]} {[%emt 00:00:44]} Rb8 {[%clk
00:57:05]} {[%emt 00:10:19]} 23. axb5 {[%clk 00:40:03]} {[%emt 00:01:14]} axb5
{[%clk 00:57:31]} {[%emt 00:00:04]} 24. Nxb5 {[%clk 00:38:50]} {[%emt
00:01:43]} Be5 {[%clk 00:57:34]} {[%emt 00:00:27]} 25. Bc5 {[%clk 00:38:44]}
{[%emt 00:00:36]} Rfe8 {[%clk 00:57:08]} {[%emt 00:00:55]} 26. c3 {[%clk
00:37:40]} {[%emt 00:01:35]} Ne6 {[%clk 00:54:54]} {[%emt 00:02:43]} 27. Ba3
{[%clk 00:34:09]} {[%emt 00:04:02]} Nxg5 {[%clk 00:54:19]} {[%emt 00:01:05]}
28. Nd4 {[%clk 00:33:17]} {[%emt 00:01:21]} Bxd4 {[%clk 00:53:49]} {[%emt
00:01:01]} 29. Rxe8+ {[%clk 00:32:41]} {[%emt 00:01:05]} Rxe8 {[%clk 00:54:18]}
30. Rxd4 {[%clk 00:33:01]} {[%emt 00:00:12]} Ne6 {[%clk 00:53:51]} {[%emt
00:00:58]} 31. Re4 {[%clk 00:32:34]} {[%emt 00:00:55]} Rd8 {[%clk 00:53:33]}
{[%emt 00:00:44]} 32. b4 {[%clk 00:31:56]} {[%emt 00:01:12]} h5 {[%clk
00:53:28]} {[%emt 00:00:36]} 33. b5 {[%clk 00:31:16]} {[%emt 00:01:11]} Ngf4
{[%clk 00:51:48]} {[%emt 00:02:09]} 34. c4 {[%clk 00:31:05]} {[%emt 00:00:41]}
Nd3+ {[%clk 00:51:40]} {[%emt 00:00:37]} 35. Bxd3 {[%emt 00:00:50]} Rxd3 36.
Bb4 {[%clk 00:29:51]} {[%emt 00:01:24]} Rd4 {[%clk 00:50:35]} {[%emt 00:02:05]}
37. Rxd4 {[%clk 00:30:07]} {[%emt 00:00:14]} Nxd4 {[%clk 00:51:00]} {[%emt
00:00:05]} 38. Kd2 {[%clk 00:28:44]} {[%emt 00:01:52]} h4 {[%clk 00:51:17]}
{[%emt 00:00:14]} 39. Bc3 {[%clk 00:26:31]} {[%emt 00:02:43]} 0-1

[Event "DVM U12 2023"]
[Site "Magdeburg GER"]
[Date "2023.12.29"]
[Round "5"]
[White "Bergmann, Rafael Antonio"]
[Black "Sitnik, Arthur"]
[Result "0-1"]
[Termination "normal"]
[Board "3.2"]
[WhiteElo "1545"]
[BlackElo "1386"]
[WhiteClock "00:52:57"]
[BlackClock "00:00:49"]
[WhiteTeam "SC Borussia Lichtenberg"]
[BlackTeam "SK Kelheim 1920"]
[PlyCount "88"]
[WhiteFideId "34635076"]
[BlackFideId "34608150"]
[EventCountry "GER"]
[EventRounds "7"]
[EventType "team-swiss"]
[EventDate "2023.12.26"]

1. e4 {[%clk 01:30:58]} {[%emt 00:00:02]} e5 {[%clk 01:30:53]} {[%emt
00:00:07]} 2. Nf3 {[%clk 01:31:21]} {[%emt 00:00:07]} Nc6 {[%clk 01:31:19]}
{[%emt 00:00:04]} 3. Bc4 {[%clk 01:31:35]} {[%emt 00:00:16]} Bc5 {[%clk
01:31:43]} {[%emt 00:00:06]} 4. c3 {[%clk 01:31:57]} {[%emt 00:00:08]} Nf6
{[%clk 01:32:10]} {[%emt 00:00:04]} 5. d3 {[%clk 01:32:20]} {[%emt 00:00:06]}
d6 {[%clk 01:32:35]} {[%emt 00:00:05]} 6. Nbd2 {[%clk 01:32:43]} {[%emt
00:00:06]} Be6 {[%clk 01:32:54]} {[%emt 00:00:11]} 7. Bb3 {[%clk 01:33:07]}
{[%emt 00:00:06]} O-O {[%clk 01:33:07]} {[%emt 00:00:18]} 8. O-O {[%clk
01:33:16]} {[%emt 00:00:20]} h6 {[%clk 01:26:29]} {[%emt 00:07:09]} 9. Re1
{[%clk 01:32:39]} {[%emt 00:01:06]} Kh8 {[%clk 01:13:44]} {[%emt 00:13:15]} 10.
Nf1 {[%clk 01:31:58]} {[%emt 00:01:10]} Bxb3 {[%clk 01:10:53]} {[%emt
00:03:21]} 11. axb3 {[%clk 01:32:06]} {[%emt 00:00:22]} Qe7 {[%clk 01:04:22]}
{[%emt 00:07:02]} 12. Ng3 {[%clk 01:32:03]} {[%emt 00:00:33]} Rad8 {[%clk
01:03:41]} {[%emt 00:01:11]} 13. b4 {[%clk 01:31:51]} {[%emt 00:00:42]} Bb6
{[%clk 01:03:39]} {[%emt 00:00:31]} 14. b5 {[%clk 01:32:15]} {[%emt 00:00:07]}
Nb8 {[%clk 01:03:39]} {[%emt 00:00:30]} 15. Nf5 {[%clk 01:32:33]} {[%emt
00:00:11]} Qd7 {[%clk 01:03:34]} {[%emt 00:00:35]} 16. c4 {[%clk 01:32:03]}
{[%emt 00:01:01]} c6 {[%clk 01:02:30]} {[%emt 00:01:34]} 17. bxc6 {[%clk
01:32:01]} {[%emt 00:00:32]} bxc6 {[%clk 01:01:40]} {[%emt 00:01:21]} 18. b4
{[%clk 01:30:47]} {[%emt 00:01:43]} Ng4 {[%clk 00:58:39]} {[%emt 00:03:30]} 19.
Rf1 {[%clk 01:30:44]} {[%emt 00:00:34]} d5 {[%clk 00:56:28]} {[%emt 00:02:42]}
20. c5 {[%clk 01:29:43]} {[%emt 00:01:30]} Bc7 {[%clk 00:53:10]} {[%emt
00:03:48]} 21. Qe2 {[%clk 01:29:47]} {[%emt 00:00:26]} a6 {[%clk 00:50:42]}
{[%emt 00:02:58]} 22. Bb2 {[%clk 01:26:56]} {[%emt 00:03:21]} Rfe8 {[%clk
00:45:36]} {[%emt 00:05:36]} 23. h3 {[%clk 01:24:27]} {[%emt 00:02:59]} Nf6
{[%clk 00:45:46]} {[%emt 00:00:20]} 24. Rfd1 {[%clk 01:18:25]} {[%emt
00:06:31]} Qe6 {[%clk 00:34:50]} {[%emt 00:11:27]} 25. Qe3 {[%clk 01:09:12]}
{[%emt 00:09:41]} Nh5 {[%clk 00:21:51]} {[%emt 00:13:30]} 26. Kh1 {[%clk
01:06:38]} {[%emt 00:03:03]} a5 {[%clk 00:11:50]} {[%emt 00:10:33]} 27. bxa5
{[%clk 01:06:38]} {[%emt 00:00:30]} Na6 {[%clk 00:12:09]} {[%emt 00:00:11]} 28.
Ba3 {[%clk 01:05:04]} {[%emt 00:02:04]} Nf4 {[%clk 00:09:09]} {[%emt 00:03:30]}
29. Bb2 {[%clk 01:04:17]} {[%emt 00:01:17]} Kh7 {[%clk 00:08:27]} {[%emt
00:01:12]} 30. Rg1 {[%clk 01:02:18]} {[%emt 00:02:28]} g6 {[%clk 00:06:15]}
{[%emt 00:02:42]} 31. Ng3 {[%clk 00:59:48]} {[%emt 00:03:00]} dxe4 {[%clk
00:05:57]} {[%emt 00:00:48]} 32. dxe4 {[%clk 00:59:14]} {[%emt 00:01:04]} Rd3
{[%clk 00:06:07]} {[%emt 00:00:20]} 33. Qe1 {[%clk 00:57:23]} {[%emt 00:02:20]}
Rxf3 {[%clk 00:06:22]} {[%emt 00:00:16]} 34. Qf1 {[%clk 00:57:11]} {[%emt
00:00:42]} Rd3 {[%clk 00:06:26]} {[%emt 00:00:25]} 35. Bc1 {[%clk 00:55:50]}
{[%emt 00:01:51]} Red8 {[%clk 00:06:08]} {[%emt 00:00:48]} 36. Be3 {[%clk
00:55:14]} {[%emt 00:01:06]} Qb3 {[%clk 00:02:21]} {[%emt 00:04:17]} 37. Bxf4
{[%clk 00:54:46]} {[%emt 00:00:57]} exf4 {[%clk 00:02:29]} {[%emt 00:00:23]}
38. Ne2 {[%clk 00:54:56]} {[%emt 00:00:19]} Qe6 {[%clk 00:01:57]} {[%emt
00:01:02]} 39. Nc1 {[%clk 00:54:30]} {[%emt 00:00:56]} Rc3 {[%clk 00:01:26]}
{[%emt 00:01:02]} 40. Kh2 {[%clk 00:54:09]} {[%emt 00:00:51]} f3+ {[%clk
00:00:59]} {[%emt 00:00:57]} 41. g3 {[%clk 00:54:32]} {[%emt 00:00:06]} Rd2
{[%clk 00:00:54]} {[%emt 00:00:36]} 42. Qe1 {[%clk 00:53:28]} {[%emt 00:01:34]}
Rcc2 {[%clk 00:00:52]} {[%emt 00:00:32]} 43. Rf1 {[%clk 00:52:52]} {[%emt
00:01:06]} Qe5 {[%clk 00:00:54]} {[%emt 00:00:27]} 44. Kg1 {[%clk 00:52:57]}
{[%emt 00:00:25]} Qxg3+ {[%clk 00:00:49]} {[%emt 00:00:36]} 0-1